عو ر ت ،ا سلا م ا و د جد يد سا ءنس (Record no. 175134)

MARC details
000 -LEADER
fixed length control field 00717nam a22001937a 4500
005 - DATE AND TIME OF LATEST TRANSACTION
control field 20200810151544.0
010 ## - LCCN (DPL NO)
LC control number B-70119
020 ## - INTERNATIONAL STANDARD BOOK NUMBER
Terms of availability 150.00
International Standard Book Number 8186632727
035 ## - SYSTEM CONTROL NUMBER
System control number B-70119
037 ## - SOURCE OF ACQUISITION
Source of stock number/acquisition BPPD/PUB
Stock number -
082 ## - DEWEY DECIMAL CLASSIFICATION NUMBER
Classification number 291.082
100 ## - MAIN ENTRY--PERSONAL NAME
Personal name چغتا ئ محمد طا رق محمو د
245 ## - TITLE STATEMENT
Title عو ر ت ،ا سلا م ا و د جد يد سا ءنس
Statement of responsibility, etc چغتا ئ محمد طا رق محمو د
246 ## - VARYING FORM OF TITLE
Remainder of title Aurat, Islam Aur Jaded Science (Urdu)
Title proper/short title by Mohd. Tariqu Mehmood Chughtai
260 ## - PUBLICATION, DISTRIBUTION, ETC. (IMPRINT)
Place of publication, distribution, etc Delhi
Name of publisher, distributor, etc Maktaba Ul Husnaat
Date of publication, distribution, etc 2002 ء
270 ## - ADDRESS
Address 2241,Kucha Chelan,Darya Ganj,
City N.Delhi
Postal code 110002
Telephone number 0113252190
Fax number -
300 ## - PHYSICAL DESCRIPTION
Extent 456 ص
Dimensions 22 Cm(Hb)
942 ## - ADDED ENTRY ELEMENTS (KOHA)
Source of classification or shelving scheme Dewey Decimal Classification
Item type Urdu Bks
Classification part 291.082
Call number suffix چ غ ت
Holdings
Withdrawn status Lost status Not for loan Collection code Home library Current library Date acquired Source of acquisition Cost, normal purchase price Full call number Barcode Copy number Cost, replacement price Koha item type
      Non-fiction Central Library Central Library 10/08/2020 BPPD/Ven. 150.00 291.082 چ غ ت B-70119 1 150.00 Urdu Bks

© Delhi Public Library
Hit Counter
free hit counter